Bệnh động mạch chi dưới

সংরক্ষণ করুন:
গ্রন্থ-পঞ্জীর বিবরন
প্রধান লেখক: Phạm, Thắng
বিন্যাস: গ্রন্থ
ভাষা:Undetermined
প্রকাশিত: H. Y Học 1999
বিষয়গুলি:
ট্যাগগুলো: ট্যাগ যুক্ত করুন
কোনো ট্যাগ নেই, প্রথমজন হিসাবে ট্যাগ করুন!
Thư viện lưu trữ: Trung tâm Học liệu Trường Đại học Cần Thơ
LEADER 00513nam a2200193Ia 4500
001 CTU_52328
008 210402s9999 xx 000 0 und d
020 |b 12500 
082 |a 616.13 
082 |b Th116 
100 |a Phạm, Thắng 
245 0 |a Bệnh động mạch chi dưới 
245 0 |c Phạm Thắng 
260 |a H. 
260 |b Y Học 
260 |c 1999 
650 |a gediatrics,leg,led 
650 |x blood-vessels,diseases 
980 |a Trung tâm Học liệu Trường Đại học Cần Thơ